书目信息 |
| 题名: |
工业分析技术
|
|
| 作者: | 孟明惠 , 王英健 主编 | |
| 分册: | ||
| 出版信息: | 北京 化学工业出版社 2016.6 |
|
| 页数: | 218页 | |
| 开本: | 26cm | |
| 丛书名: | ||
| 单 册: | ||
| 中图分类: | TQ014 | |
| 科图分类: | ||
| 主题词: | 工业分析--高等职业教育--教材 | |
| 电子资源: | ||
| ISBN: | 978-7-122-26453-4 | |
| 000 | 00874nam0 2200265 450 | |
| 001 | 0400004057 | |
| 005 | 20171023121315.0 | |
| 010 | @a978-7-122-26453-4@dCNY32.00 | |
| 100 | @a20160627d2016 em y0chiy50 ea | |
| 101 | 0 | @achi |
| 102 | @aCN@b110000 | |
| 105 | @ay z 000yy | |
| 106 | @ar | |
| 200 | 1 | @a工业分析技术@9gong ye fen xi ji shu@b专著@f孟明惠,王英健主编 |
| 210 | @a北京@c化学工业出版社@d2016.6 | |
| 215 | @a218页@d26cm | |
| 300 | @a中高职一体化衔接系列教材 | |
| 307 | @a实际页数为:219 | |
| 330 | @a本书主要内容包括绪论、煤质分析技术、硅酸盐分析技术、钢铁分析技术、水质分析技术、化学肥料分析技术、农药分析技术、气体分析技术。 | |
| 606 | 0 | @a工业分析@x高等职业教育@j教材 |
| 690 | @aTQ014@v4 | |
| 701 | 0 | @a孟明惠@9meng ming hui@4主编 |
| 701 | 0 | @a王英健@9wang ying jian@4主编 |
| 801 | 0 | @aCN@b91MARC@c20171023 |
| 905 | @b1036841-5@dTQ014@f5@e447 | |
| 工业分析技术/孟明惠,王英健主编.-北京:化学工业出版社,2016.6 |
| 218页;26cm |
| 中高职一体化衔接系列教材 |
| ISBN 978-7-122-26453-4:CNY32.00 |
| 本书主要内容包括绪论、煤质分析技术、硅酸盐分析技术、钢铁分析技术、水质分析技术、化学肥料分析技术、农药分析技术、气体分析技术。 |
| ● |
| 相关链接 |
|
|
|
|
正题名:工业分析技术
索取号:TQ014/447
 
预约/预借
| 序号 | 登录号 | 条形码 | 馆藏地/架位号 | 状态 | 备注 |
| 1 | 1036841 | 210368412 | 第二样本阅览室/ [索取号:TQ014/447] | 在馆 | |
| 2 | 1036842 | 210368421 | 密集书库-化学系/ [索取号:TQ014/447] | 在馆 | |
| 3 | 1036843 | 210368430 | 第三借阅区/ [索取号:TQ014/447] | 在馆 | |
| 4 | 1036844 | 210368449 | 第三借阅区/ [索取号:TQ014/447] | 在馆 | |
| 5 | 1036845 | 210368458 | 第三借阅区/ [索取号:TQ014/447] | 在馆 |